Zásoby v krizi řeší lidé a software společně

Logistika je na to, aby rýchlo zareagovala na uviaznuté lode v Suezkom prieplave, nedostatok kontajnerov, vyhorené továrne, zvýšený dopyt, zníženú ponuku a tisíc ďalších "maličkostí", ktoré zákazník nechce vnímať.

Guardado en:
Detalles Bibliográficos
Autor principal: Tulach, Petr
Formato: Capítulo de libro
Lenguaje:checo
Materias:
Etiquetas: Agregar Etiqueta
Sin Etiquetas, Sea el primero en etiquetar este registro!

MARC

LEADER 00000naa a2200000 4500
001 0287805
005 20240417075214.1
041 0 |a cze 
044 |a CZ 
245 1 0 |a Zásoby v krizi řeší lidé a software společně  |c Petr Tulach 
520 |a Logistika je na to, aby rýchlo zareagovala na uviaznuté lode v Suezkom prieplave, nedostatok kontajnerov, vyhorené továrne, zvýšený dopyt, zníženú ponuku a tisíc ďalších "maličkostí", ktoré zákazník nechce vnímať. 
610 2 0 |a zásoby 
610 2 0 |a kríza 
610 2 0 |a softvér 
610 2 0 |a logistika 
610 2 0 |a dopyt 
610 2 0 |a ponuka 
100 1 |a Tulach, Petr